000
00298nam a2200133Ia 4500
008
190216s9999||||xx |||||||||||||| ||und||
100
_a
Devassia And Others
245
0
_a
"Subsidiary Physics Vol I,Ii"
250
_a
1st Ed.
260
_b
Null
300
_a
345
650
_a
Physics
942
_c
BK
999
_c
32807
_d
32807